|
|
|
|
| LEADER |
00000nab a2200000 a 4500 |
| 001 |
vtls000922717 |
| 003 |
SK-MaSNL |
| 005 |
20260303034641.0 |
| 008 |
040720e19940617xo 0 slo |
| 035 |
|
|
|a KE31594
|
| 040 |
|
|
|a KEVKJB
|b slo
|c KEVKJB
|e AACR2
|
| 041 |
0 |
|
|a slo
|
| 044 |
|
|
|a xo
|c SK
|
| 080 |
|
|
|a 669.1
|2 1981
|
| 080 |
|
|
|a 061.27
|2 1981
|
| 110 |
2 |
|
|a Tlačová agentúra Slovenskej republiky
|4 aut
|9 177619
|
| 245 |
0 |
0 |
|a Nadácia pre chorých
|
| 610 |
2 |
7 |
|a Východoslovenské železiarne (Košice, Slovensko)
|2 KEVKJB
|
| 610 |
2 |
7 |
|a Nadácia VSŽ - Dar zdraviu
|2 KEVKJB
|9 879242
|
| 650 |
0 |
7 |
|a informácie
|2 KEVKJB
|9 1285
|
| 651 |
|
7 |
|a Košice (Slovensko)
|2 KEVKJB
|9 18694
|
| 651 |
|
7 |
|a KE,
|2 KEVKJB
|9 877256
|
| 655 |
|
7 |
|a periodikum
|2 snkbucl
|9 29553
|
| 710 |
2 |
|
|a Východoslovenské železiarne (Košice, Slovensko)
|4 aut
|
| 710 |
2 |
|
|a Nadácia VSŽ-Dar Zdraviu, Košice
|4 aut
|9 879243
|
| 773 |
0 |
8 |
|t Práca
|g Roč. 49, č.140, 17.6.1994, s. 15
|
| 852 |
|
|
|a ZVYKNI
|b KIS3GCP
|
| 999 |
|
|
|c 1674300
|d 1676230
|